Statistics for Former Massachusetts Towns

Click here to take the quiz!

General Stats

  • This quiz has been taken 17 times
  • The average score is 6 of 11

Answer Stats

HintAnswer% Correct
Annexed by Boston 1873Charlestown
100%
Annexed by Boston 1867Roxbury
89%
Annexed by Boston 1869Dorchester
78%
Annexed by Boston 1873Brighton
56%
Annexed by Boston 1873West Roxbury
56%
Annexed by Boston 1912Hyde Park
44%
DIsincorporated 1938, absorbed by PetershamDana
33%
DIsincorporated 1938, absorbed by Hardwick, New Salem, Petersham & WareGreenwich
33%
DIsincorporated 1938, absorbed by New Salem & PetershamPrescott
33%
DIsincorporated 1938, absorbed by Belchertown, New Salem, Pelham & WareEnfield
22%
Annexed by Haverhill 1897Bradford
11%

Score Distribution

Percentile by Number Answered

Percent of People with Each Score

Your Score History

You have not taken this quiz